| 000 | 01596nam a2200397Ia 4500 | ||
|---|---|---|---|
| 001 | ebr10053374 | ||
| 003 | CaPaEBR | ||
| 006 | m u | ||
| 007 | cr cn||||||||| | ||
| 008 | 001010s2001 nyua sb s001 0 eng d | ||
| 010 | _z 00051446 | ||
| 020 | _z0306476827 | ||
| 020 | _z0306465272 | ||
| 040 |
_aCaPaEBR _cCaPaEBR |
||
| 035 | _a(OCoLC)70752938 | ||
| 050 | 1 | 4 |
_aLB1044.87 _b.B76 2001eb |
| 082 | 0 | 4 |
_a371.33/44678 _221 |
| 100 | 1 | _aBrooks, David W. | |
| 245 | 1 | 0 |
_aWeb-teaching _h[electronic resource] : _ba guide for designing interactive teaching for the World Wide Web / _cDavid W. Brooks, Diane E. Nolan, and Susan M. Gallagher. |
| 250 | _a2nd ed. | ||
| 260 |
_aNew York : _bKluwer Academic/Plenum, _cc2001. |
||
| 300 |
_axxiv, 356 p. : _bill. |
||
| 490 | 1 | _aInnovations in science education and technology | |
| 504 | _aIncludes bibliographical references and index. | ||
| 533 |
_aElectronic reproduction. _bPalo Alto, Calif. : _cebrary, _d2009. _nAvailable via World Wide Web. _nAccess may be limited to ebrary affiliated libraries. |
||
| 650 | 0 |
_aTeaching _xComputer network resources. |
|
| 650 | 0 | _aWorld Wide Web. | |
| 650 | 0 | _aInteractive multimedia. | |
| 650 | 0 |
_aScience _xStudy and teaching _xComputer network resources. |
|
| 655 | 7 |
_aElectronic books. _2local |
|
| 700 | 1 | _aNolan, Diane E. | |
| 700 | 1 | _aGallagher, Susan M. | |
| 710 | 2 | _aebrary, Inc. | |
| 830 | 0 | _aInnovations in science education and technology. | |
| 856 | 4 | 0 |
_uhttp://site.ebrary.com/lib/rucke/Doc?id=10053374 _zAn electronic book accessible through the World Wide Web; click to view |
| 999 |
_c66307 _d66307 |
||